Economics of Education/ (Record no. 199777)

MARC details
000 -LEADER
fixed length control field 00676nam a22002057a 4500
005 - DATE AND TIME OF LATEST TRANSACTION
control field 20231222115538.0
010 ## - LCCN (DPL NO)
LC control number ENG-138716
020 ## - INTERNATIONAL STANDARD BOOK NUMBER
Terms of availability 1195.00
International Standard Book Number 9789390897346
035 ## - SYSTEM CONTROL NUMBER
System control number EN-122248
037 ## - SOURCE OF ACQUISITION
Source of stock number/acquisition DBAD/PUB
082 ## - DEWEY DECIMAL CLASSIFICATION NUMBER
Classification number 379.154
Edition number 1
100 ## - MAIN ENTRY--PERSONAL NAME
Personal name Arulsamy, S
245 ## - TITLE STATEMENT
Title Economics of Education/
Remainder of title By S. Arulsamy and J. Jeyadevi
250 ## - EDITION STATEMENT
Edition statement 1
260 ## - PUBLICATION, DISTRIBUTION, ETC. (IMPRINT)
Place of publication, distribution, etc New Delhi
Name of publisher, distributor, etc Neelkamal Publications
Date of publication, distribution, etc 2022
270 ## - ADDRESS
Address 4764/1, 23, Ansari Road, Daryaganj
City New Delhi
Postal code 110002
Telephone number 011-23244237
-- 98118-28953
Electronic mail address neelkamalbooks@gmail.com
300 ## - PHYSICAL DESCRIPTION
Extent xiv+240p.
Dimensions 25cm(hbk)
700 ## - ADDED ENTRY--PERSONAL NAME
Personal name Jeyadevi, J
Relator term Author
9 (RLIN) 60169
942 ## - ADDED ENTRY ELEMENTS (KOHA)
Source of classification or shelving scheme Dewey Decimal Classification
Item type English Books
Classification part 379.154
Call number suffix ARU
Edition 1
Holdings
Withdrawn status Lost status Not for loan Collection code Home library Current library Date acquired Source of acquisition Cost, normal purchase price Full call number Barcode Copy number Cost, replacement price Koha item type
      Non-fiction Bawana Bawana 22/12/2023 DBAD 1195.00 379.154 ARU EN-122248 1 1195.00 English Books

© Delhi Public Library
Hit Counter
free hit counter